000
00279nam a22001337a 4500
008
170327b xxu||||| |||| 00| 0 eng d
020
_a
0881675717
041
_a
eng
080
_a
615.83
100
_a
8
101
_a
SHM
245
_a
DIETARY IRON
_c
FILER, L.J
942
_2
udc
_c
BK
999
_c
8743
_d
8743